| 000 | 00676nam a2200193 a 4500 | ||
|---|---|---|---|
| 003 | 0 | ||
| 005 | 20250214105333.0 | ||
| 008 | 110621s19uu xx 00 eng d | ||
| 050 |
_aPHS HQ 806.P47 _b.Se511 2011 |
||
| 100 | _aSevilla, Regine Loralie M. | ||
| 245 |
_aPerception towards premarital and extramarital relationships / _cRegine Loralie M. Sevilla. |
||
| 260 |
_aLas Pinas City : _bSISC, _c2011. |
||
| 300 |
_a39 pages : _billustrations ; _c28 cm. |
||
| 504 | _aIncludes bibliographical references. | ||
| 650 | _aMarital relationships. | ||
| 650 |
_aExtramarital relations _vSocial aspects. |
||
| 650 |
_aFamily and marriage _vSocial perspectives. |
||
| 942 |
_2lcc _cPASS |
||
| 999 |
_c98557 _d98557 |
||